[Event "Barbera op "]
[Site "?"]
[Date "2012.07.09"]
[Round "6"]
[White "Iagar, RG."]
[Black "Thakur, A."]
[Result "0-1"]
[WhiteElo "2154"]
[BlackElo "2280"]
[PlyCount "154"]
[EventDate "2012.??.??"]
[EventType "swiss"]
[EventRounds "9"]

1. d4 Nf6 2. c4 d6 3. Nf3 Nbd7 4. Nc3 e5 5. g3 Be7 6. Bg2 c6 7. O-O O-O 8. e4
a6 9. a4 a5 10. h3 Re8 11. Be3 Bf8 12. Qc2 Qc7 13. Rad1 g6 14. Rfe1 b6 15. d5
cxd5 16. cxd5 Ba6 17. Bf1 Bxf1 18. Rxf1 Rac8 19. Nd2 Nc5 20. Kg2 Qb7 21. f3 Na6
22. Qd3 Nb4 23. Qb5 Nd7 24. Nc4 Rb8 25. Na3 Rec8 26. Rf2 Nc5 27. Nc2 Nba6 28.
Na3 Nb4 29. Nc2 Nba6 30. Na3 Qe7 31. Qe2 Bg7 32. Nab5 Nb4 33. Na3 f5 34. Nc2
Rf8 35. Rff1 f4 36. Bf2 fxg3 37. Bxg3 Nxc2 38. Qxc2 Bh6 39. Qe2 Bf4 40. Rg1
Bxg3 41. Kxg3 Rf4 42. Kh2 Rbf8 43. Rg3 Qd7 44. Qg2 Kg7 45. Ra1 Nb3 46. Ra3 Nd4
47. Ne2 Nxe2 48. Qxe2 Rc8 49. Qd2 Rc5 50. Kh1 Qc8 51. Rc3 Rf7 52. Rxc5 Qxc5 53.
Qe2 Qd4 54. Qc2 Qc5 55. Qe2 Rc7 56. Rg2 Qd4 57. Qb5 Qe3 58. Qe2 Rc1+ 59. Kh2
Qf4+ 60. Rg3 Rc5 61. Qd3 h5 62. Kg2 Qc1 63. Kh2 Rc2+ 64. Rg2 Qf4+ 65. Kg1 Rc1+
66. Kf2 Qh4+ 67. Rg3 Rh1 68. Kg2 Rg1+ 69. Kxg1 Qxg3+ 70. Kf1 Qxh3+ 71. Kg1 Qg3+
72. Kf1 h4 73. Qc3 h3 74. Qc7+ Kh6 75. Qf7 h2 76. Qf8+ Kg5 77. Qd8+ Kf4 0-1

[Event "Barbera op "]
[Site "?"]
[Date "2012.07.09"]
[Round "6"]
[White "Isgandarova, K."]
[Black "Segarra Calderer, A."]
[Result "1-0"]
[WhiteElo "2206"]
[BlackElo "2058"]
[PlyCount "57"]
[EventDate "2012.??.??"]
[EventType "swiss"]
[EventRounds "9"]

1. e4 d5 2. exd5 Nf6 3. d4 Nxd5 4. c4 Nb6 5. Nf3 Bg4 6. c5 Bxf3 7. Qxf3 Nd5 8.
Bc4 e6 9. Nc3 c6 10. O-O Qf6 11. Qg3 Qg6 12. Qe5 Nd7 13. Qe2 O-O-O 14. Bxd5
exd5 15. b4 Qf6 16. Qd3 g6 17. b5 Nb8 18. Rb1 Bg7 19. Be3 h5 20. bxc6 Nxc6 21.
Qb5 Qe7 22. Rfe1 Qd7 23. Nxd5 Nxd4 24. c6 Nxb5 25. cxd7+ Rxd7 26. Rxb5 b6 27.
Bxb6 Rxd5 28. Rxd5 axb6 29. Re7 1-0

[Event "Barbera op "]
[Site "?"]
[Date "2012.07.09"]
[Round "6"]
[White "Jareño Badenas, A."]
[Black "Aranaz Murillo, A."]
[Result "0-1"]
[WhiteElo "2002"]
[BlackElo "2248"]
[PlyCount "54"]
[EventDate "2012.??.??"]
[EventType "swiss"]
[EventRounds "9"]

1. e4 e6 2. d4 d5 3. e5 c5 4. c3 Qb6 5. Nf3 Nc6 6. a3 Nh6 7. b4 cxd4 8. cxd4
Nf5 9. Bb2 Bd7 10. g4 Nh6 11. h3 Be7 12. Qd2 O-O 13. Be2 f6 14. O-O Nf7 15. Nc3
fxe5 16. Nxe5 Ncxe5 17. dxe5 Bg5 18. Qd1 Bf4 19. Bf3 Nxe5 20. Bxd5 Rad8 21. Be4
Bc6 22. Qb3 Bxe4 23. Nxe4 Rd3 24. Qa2 Nf3+ 25. Kh1 Qc6 26. Rfe1 Nxe1 27. Rxe1
Rxh3+ 0-1

[Event "Barbera op "]
[Site "?"]
[Date "2012.07.09"]
[Round "6"]
[White "Krishna, CRG."]
[Black "Perpinya Rofes, LM."]
[Result "1/2-1/2"]
[WhiteElo "2273"]
[BlackElo "2401"]
[PlyCount "127"]
[EventDate "2012.??.??"]
[EventType "swiss"]
[EventRounds "9"]

1. d4 Nf6 2. Nf3 g6 3. Nc3 d5 4. Bf4 Bg7 5. e3 O-O 6. Be2 c6 7. Ne5 Nfd7 8. h4
f6 9. Nxd7 Nxd7 10. h5 e5 11. Bg3 Qb6 12. hxg6 hxg6 13. dxe5 Nxe5 14. Na4 Qb4+
15. c3 Qe7 16. b3 f5 17. Rc1 Be6 18. Nb2 g5 19. Qc2 Ng6 20. Bd3 Rac8 21. Qe2
Qf6 22. Bd6 Rf7 23. Bc5 Nf4 24. Qf3 Nxd3+ 25. Nxd3 f4 26. Qh5 Qf5 27. Kd2 Bd7
28. Bd4 fxe3+ 29. fxe3 Bxd4 30. cxd4 Rh7 31. Qxh7+ Qxh7 32. Rxh7 Kxh7 33. Ne5
Be6 34. b4 a6 35. Rh1+ Kg7 36. Rh5 Kf6 37. Rh6+ Kf5 38. g4+ Ke4 39. Rf6 Rh8 40.
Rxe6 Rh2+ 41. Kc3 Kxe3 42. Nxc6+ Kf4 43. Ne5 Rxa2 44. Rb6 Ke4 45. Rxb7 Ra3+ 46.
Kb2 Rg3 47. Nc6 Rxg4 48. Re7+ Kf4 49. Re5 Rg2+ 50. Kb3 g4 51. Ne7 Kf3 52. Nxd5
g3 53. Rg5 Rg1 54. Nc3 Rh1 55. d5 g2 56. Na4 g1=Q 57. Rxg1 Rxg1 58. Nc5 Kf4 59.
d6 Rd1 60. d7 Ke5 61. Kc2 Rd5 62. Kc3 Kf6 63. Kc4 Rd1 64. Nxa6 1/2-1/2

[Event "Barbera op "]
[Site "?"]
[Date "2012.07.09"]
[Round "6"]
[White "Laxman, RR."]
[Black "Muñoz Pantoja, M."]
[Result "1-0"]
[WhiteElo "2422"]
[BlackElo "2496"]
[PlyCount "63"]
[EventDate "2012.??.??"]
[EventType "swiss"]
[EventRounds "9"]

1. Nf3 c5 2. c4 Nc6 3. Nc3 g6 4. d4 Bg7 5. d5 Na5 6. e4 d6 7. h3 Nf6 8. Bd3 O-O
9. O-O e5 10. dxe6 Bxe6 11. Nd5 a6 12. Bg5 Bxd5 13. exd5 h6 14. Bd2 b5 15. b3
Qb6 16. Qc1 Kh7 17. Qc2 b4 18. Rae1 Qc7 19. Nh4 Kg8 20. Qc1 Kh7 21. Nf5 Ng8 22.
Nxg7 Kxg7 23. f4 Rae8 24. f5 Qd8 25. Qb2+ Qf6 26. Qxf6+ Nxf6 27. Rxe8 Rxe8 28.
fxg6 fxg6 29. Bxh6+ Kxh6 30. Rxf6 Re3 31. Rxg6+ Kh5 32. Bf5 1-0

[Event "Barbera op "]
[Site "?"]
[Date "2012.07.09"]
[Round "6"]
[White "Mamedjarova, T."]
[Black "Jaramillo Ochoa, M."]
[Result "1-0"]
[WhiteElo "2259"]
[BlackElo "2030"]
[PlyCount "99"]
[EventDate "2012.??.??"]
[EventType "swiss"]
[EventRounds "9"]

1. e4 d6 2. d4 Nf6 3. Bd3 e5 4. c3 Be7 5. Nf3 Nbd7 6. O-O O-O 7. Nbd2 c6 8. Re1
Re8 9. Bc4 Qc7 10. Qb3 Rf8 11. a4 h6 12. Qa2 Nh5 13. Nf1 Ndf6 14. Bb3 Bd7 15.
Nh4 d5 16. exd5 Nxd5 17. Rxe5 Nhf6 18. Nf5 Bxf5 19. Rxf5 Bd6 20. Bxd5 Nxd5 21.
c4 Nf4 22. Bxf4 Bxf4 23. g3 Bg5 24. Qb3 Qd7 25. Qd3 Bf6 26. d5 Bxb2 27. Rb1 g6
28. Rf3 Bg7 29. Ne3 b6 30. h4 h5 31. Qe4 cxd5 32. cxd5 Rfe8 33. Qc4 Rac8 34.
Qb4 Rc5 35. Qf4 Ra5 36. Rb4 Be5 37. Qg5 Rxa4 38. Rxa4 Qxa4 39. Nf5 Qa1+ 40. Kg2
Bf6 41. Nh6+ Kg7 42. Nf5+ Kf8 43. Qh6+ Bg7 44. Nxg7 Qxg7 45. Qf4 f5 46. d6 Qd7
47. Rc3 Rd8 48. Rc7 Qxd6 49. Qh6+ Ke8 50. Qh8+ 1-0

[Event "Barbera op "]
[Site "?"]
[Date "2012.07.09"]
[Round "6"]
[White "Mammadova, G."]
[Black "Asis Gargatagli, H."]
[Result "1/2-1/2"]
[WhiteElo "2341"]
[BlackElo "2482"]
[PlyCount "91"]
[EventDate "2012.??.??"]
[EventType "swiss"]
[EventRounds "9"]

1. e4 d5 2. exd5 Qxd5 3. Nc3 Qa5 4. d4 Nf6 5. Nf3 Bf5 6. Bc4 e6 7. Ne5 Nbd7 8.
Nxd7 Nxd7 9. O-O O-O-O 10. Bd2 Qb6 11. d5 Nf6 12. dxe6 Bxe6 13. Bxe6+ Qxe6 14.
Qc1 Qf5 15. Ne2 h5 16. Bg5 Bd6 17. Ng3 Qg6 18. h4 Rde8 19. Bf4 Bc5 20. b4 Bb6
21. a4 Nd5 22. c3 a6 23. a5 Ba7 24. Qd2 Rd8 25. Rfe1 Qg4 26. Be5 f6 27. Re4 Qg6
28. Bf4 Rd7 29. c4 f5 30. Re2 Ne3 31. Qa2 Nd1 32. Qc2 Qg4 33. Rxd1 Rxd1+ 34.
Qxd1 Qxf4 35. Qd5 Bxf2+ 36. Rxf2 Qxg3 37. Qxf5+ Kb8 38. Qe4 Qc3 39. c5 Rd8 40.
Rf7 Rd4 41. Qe8+ Ka7 42. Rf8 Qc1+ 43. Rf1 Rd1 44. Rxd1 Qxd1+ 45. Kh2 Qg4 46.
Qe1 1/2-1/2

[Event "Barbera op "]
[Site "?"]
[Date "2012.07.09"]
[Round "6"]
[White "Massoni, M."]
[Black "Remolar Gallen, J."]
[Result "1-0"]
[WhiteElo "2365"]
[BlackElo "2121"]
[PlyCount "131"]
[EventDate "2012.??.??"]
[EventType "swiss"]
[EventRounds "9"]

1. c4 g6 2. d4 Bg7 3. Nc3 d6 4. Nf3 Bg4 5. e3 Nc6 6. Be2 e5 7. O-O Nge7 8. d5
Nb8 9. e4 O-O 10. Ne1 Bd7 11. Be3 a5 12. c5 Nc8 13. Rc1 f5 14. f3 Rf7 15. c6
bxc6 16. dxc6 Be6 17. Nd5 Na7 18. b4 Nbxc6 19. bxa5 Nxa5 20. Rxc7 Qb8 21. Rxf7
Bxf7 22. Nb6 N7c6 23. Nxa8 Qxa8 24. exf5 Nc4 25. fxg6 hxg6 26. Bxc4 Bxc4 27.
Qxd6 Bxf1 28. Kxf1 Nd4 29. Bxd4 exd4 30. Qxg6 Qxa2 31. Nd3 Kh8 32. Qe8+ Kh7 33.
Qe4+ Kg8 34. h4 Qd2 35. h5 Bh6 36. Qe2 Qg5 37. Qe8+ Kh7 38. Qe4+ Kg8 39. Qg6+
Qxg6 40. hxg6 Kg7 41. Ke2 Kxg6 42. f4 Kf5 43. Kf3 Bg7 44. g4+ Ke6 45. Ke4 Bf6
46. Nc5+ Kd6 47. Nb3 d3 48. Kxd3 Kd5 49. Nd2 Bb2 50. Nc4 Bc1 51. Ne3+ Ke6 52.
Ke4 Kf6 53. Nc4 Kg6 54. Ne5+ Kg7 55. Kf5 Bd2 56. g5 Bc1 57. Kg4 Bb2 58. Nd3 Bc3
59. f5 Kf7 60. Nf4 Ba1 61. g6+ Kg7 62. Nd5 Bb2 63. Kg5 Bc1+ 64. Kh5 Bb2 65. f6+
Kh8 66. g7+ 1-0

[Event "Barbera op "]
[Site "?"]
[Date "2012.07.09"]
[Round "6"]
[White "Miller, JS."]
[Black "Lacasta Palacio, J."]
[Result "1-0"]
[WhiteElo "2060"]
[BlackElo "2195"]
[PlyCount "95"]
[EventDate "2012.??.??"]
[EventType "swiss"]
[EventRounds "9"]

1. d4 e6 2. e4 d5 3. Nc3 Bb4 4. e5 c5 5. Qg4 Kf8 6. Nf3 Nc6 7. a3 Bxc3+ 8. bxc3
Qa5 9. Bd2 Qa4 10. Be2 Qxc2 11. dxc5 Nge7 12. Qf4 Ng6 13. Qe3 Qe4 14. Qxe4 dxe4
15. Ng5 Ngxe5 16. Nxe4 Nd7 17. Be3 Ne7 18. Bb5 a6 19. Ba4 Nd5 20. Bd4 e5 21. c6
exd4 22. cxd7 Bxd7 23. Bxd7 Nb6 24. Nc5 dxc3 25. O-O Nxd7 26. Nxd7+ Ke7 27. Nc5
Rhc8 28. Nb3 b5 29. Rfe1+ Kf6 30. f3 a5 31. Re4 c2 32. Rc1 Rc3 33. Nd4 b4 34.
axb4 axb4 35. Ne2 Rc7 36. Rxb4 Ke5 37. Rb5+ Kd6 38. Rb2 Rac8 39. Nd4 Ke5 40.
Rbxc2 Rxc2 41. Rxc2 Ra8 42. Ne2 g5 43. Rc7 Ke6 44. Nc3 f5 45. Rxh7 Rc8 46. Ne2
f4 47. h4 Kf6 48. Rh6+ 1-0

[Event "Barbera op "]
[Site "?"]
[Date "2012.07.09"]
[Round "6"]
[White "Moreno Ruiz, J."]
[Black "Uribe Arteaga, D."]
[Result "1-0"]
[WhiteElo "2504"]
[BlackElo "2272"]
[PlyCount "71"]
[EventDate "2012.??.??"]
[EventType "swiss"]
[EventRounds "9"]

1. d4 Nf6 2. c4 e6 3. Nc3 c5 4. d5 d6 5. e4 g6 6. Nf3 Bg7 7. Be2 O-O 8. O-O
exd5 9. exd5 Bg4 10. h3 Bxf3 11. Bxf3 Nfd7 12. Bd2 Ne5 13. Be2 f5 14. f4 Ned7
15. Bd3 Na6 16. a3 Nc7 17. Qf3 Bd4+ 18. Kh1 Qf6 19. Rae1 Rae8 20. g3 h6 21. Kg2
Kh7 22. g4 a6 23. Kh2 Rxe1 24. Rxe1 Rf7 25. Re2 Qh4 26. gxf5 gxf5 27. Qg4 Qf6
28. Rg2 Rf8 29. Ne4 fxe4 30. Bxe4+ Kh8 31. Qxd7 Qf7 32. Qxd6 Bf6 33. Qxc5 Bxb2
34. Bg6 Qg7 35. Bh5 Bd4 36. Rxg7 1-0

[Event "Barbera op "]
[Site "?"]
[Date "2012.07.09"]
[Round "6"]
[White "Ortiz Suarez, IR."]
[Black "Guerra Mendez, JA."]
[Result "1/2-1/2"]
[WhiteElo "2562"]
[BlackElo "2428"]
[PlyCount "70"]
[EventDate "2012.??.??"]
[EventType "swiss"]
[EventRounds "9"]

1. d4 Nf6 2. c4 e6 3. g3 d5 4. Nf3 dxc4 5. Bg2 Bb4+ 6. Bd2 a5 7. O-O O-O 8. Qc2
Nc6 9. Rd1 Bxd2 10. Rxd2 b5 11. Ne5 Nb4 12. Qc1 Ra6 13. a3 Nbd5 14. e4 Ne7 15.
a4 c6 16. Nc3 Qb6 17. d5 cxd5 18. exd5 exd5 19. axb5 Ra7 20. Nc6 Nxc6 21. bxc6
Be6 22. Nxd5 Nxd5 23. Bxd5 Bxd5 24. Rxd5 Qxc6 25. Rdxa5 Rxa5 26. Rxa5 Rd8 27.
Ra1 h6 28. Qc2 Rb8 29. Rd1 Qf3 30. Rd4 Re8 31. Qc3 Qe2 32. Kg2 Rb8 33. Rxc4
Rxb2 34. Rf4 Rb8 35. Qc7 Rf8 1/2-1/2

[Event "Barbera op "]
[Site "?"]
[Date "2012.07.09"]
[Round "6"]
[White "Quesada Perez, Y."]
[Black "Vassallo Barroche, M."]
[Result "1-0"]
[WhiteElo "2626"]
[BlackElo "2433"]
[PlyCount "115"]
[EventDate "2012.??.??"]
[EventType "swiss"]
[EventRounds "9"]

1. e4 d5 2. exd5 Qxd5 3. Nc3 Qa5 4. d4 Nf6 5. Bc4 c6 6. Bd2 Bf5 7. Nge2 e6 8.
O-O Qd8 9. Bb3 Be7 10. Ng3 Bg6 11. Nce2 O-O 12. c3 c5 13. Be3 Nc6 14. h3 cxd4
15. Nxd4 Na5 16. Bc2 Nc4 17. Bc1 Bc5 18. Bxg6 hxg6 19. Qe2 Bxd4 20. Qxc4 Be5
21. Ne4 Nxe4 22. Qxe4 Qc7 23. Be3 Rfd8 24. Rfd1 a6 25. a4 f5 26. Qb4 Rxd1+ 27.
Rxd1 Rd8 28. Re1 Rd5 29. Qb3 Qd7 30. Bb6 Kf7 31. Be3 Bf6 32. g3 g5 33. Qc4 Rd1
34. Rxd1 Qxd1+ 35. Kg2 Qd7 36. Bb6 Kg6 37. g4 Be7 38. a5 Bf6 39. gxf5+ exf5 40.
Bd4 g4 41. hxg4 fxg4 42. Kg3 Kh5 43. Qc5+ Kg6 44. Qc4 Kh5 45. Kg2 Qf5 46. Qf7+
Kh4 47. Qxb7 Bxd4 48. cxd4 Qd3 49. Qe7+ g5 50. Qe3 Qf5 51. Qe5 Qf3+ 52. Kg1 Kh5
53. d5 g3 54. fxg3 Kg4 55. d6 Kh3 56. Qe6+ Kxg3 57. Qe5+ Kg4 58. Qd4+ 1-0

[Event "Barbera op "]
[Site "?"]
[Date "2012.07.09"]
[Round "6"]
[White "Saptarshi, R."]
[Black "Peralta, F."]
[Result "1/2-1/2"]
[WhiteElo "2389"]
[BlackElo "2602"]
[PlyCount "180"]
[EventDate "2012.??.??"]
[EventType "swiss"]
[EventRounds "9"]

1. e4 d6 2. d4 Nf6 3. Nc3 g6 4. Be3 Bg7 5. f3 c6 6. Qd2 b5 7. g4 h5 8. g5 Nfd7
9. f4 b4 10. Nd1 c5 11. c3 Bb7 12. Bd3 O-O 13. d5 bxc3 14. bxc3 Ba6 15. Nf3 Qa5
16. O-O Nb6 17. f5 Bxd3 18. Qxd3 Qa6 19. Qb1 N8d7 20. e5 Nxe5 21. Nxe5 dxe5 22.
f6 exf6 23. gxf6 Bh8 24. Bxc5 Nxd5 25. Bxf8 Rxf8 26. Qe4 Nxf6 27. Qg2 Qc4 28.
Rb1 Nd5 29. Rb7 Nf4 30. Qf3 Rd8 31. Nf2 Ne2+ 32. Kg2 Nf4+ 33. Kg1 Ne2+ 34. Kg2
Nxc3 35. Rc1 e4 36. Nxe4 Qxa2+ 37. Nf2 Rc8 38. Ra1 Qd5 39. Raxa7 Bd4 40. Rc7
Re8 41. Rxf7 Bxa7 42. Qxd5 Nxd5 43. Rxa7 Re2 44. h3 Re3 45. h4 Ne7 46. Ra4 Nf5
47. Nh3 Kg7 48. Ng5 Rg3+ 49. Kh2 Rg4 50. Ra7+ Kg8 51. Ra8+ Kg7 52. Ra7+ Kf6 53.
Ra6+ Ke5 54. Rxg6 Rxh4+ 55. Kg2 Rg4+ 56. Kf2 Ra4 57. Rg8 Ra2+ 58. Kf3 Ra3+ 59.
Kg2 Ne3+ 60. Kg3 Nf5+ 61. Kg2 Nd4 62. Nh3 Ne6 63. Rh8 Ng7 64. Rg8 Ra2+ 65. Kf3
Ra3+ 66. Kg2 Ra2+ 67. Kf3 Ne6 68. Kg3 Ra4 69. Rh8 Ng7 70. Kf3 Ra3+ 71. Kg2 Ra2+
72. Kf3 Ra4 73. Rh7 Ra7 74. Rh8 Ra3+ 75. Kg2 Rb3 76. Rh7 Kf6 77. Rh8 Rb2+ 78.
Kf3 Rb3+ 79. Kg2 Rb4 80. Kf3 Rb3+ 81. Kg2 Rb5 82. Rf8+ Ke5 83. Nf4 Rb2+ 84. Kf3
Rb3+ 85. Kg2 Ke4 86. Rf7 Rb2+ 87. Kh3 Rb3+ 88. Kg2 Nf5 89. Nxh5 Nh4+ 90. Kh2
Nf3+ 1/2-1/2

[Event "Barbera op "]
[Site "?"]
[Date "2012.07.09"]
[Round "6"]
[White "Silva Rodriguez, J."]
[Black "Ivakhinova, I."]
[Result "0-1"]
[WhiteElo "2168"]
[BlackElo "2306"]
[PlyCount "62"]
[EventDate "2012.??.??"]
[EventType "swiss"]
[EventRounds "9"]

1. e4 c5 2. Nf3 d6 3. d4 cxd4 4. Nxd4 Nf6 5. Nc3 a6 6. Bc4 e6 7. Bb3 b5 8. O-O
Be7 9. Qf3 Qc7 10. Qg3 O-O 11. Bh6 Ne8 12. Rfe1 Bd7 13. Rad1 Nc6 14. Nce2 Nxd4
15. Nxd4 a5 16. c3 a4 17. Bc2 b4 18. e5 dxe5 19. Nf3 f6 20. Qh4 gxh6 21. Rxd7
Qxd7 22. Qe4 Bd6 23. Qxa8 a3 24. Rd1 Qc7 25. Bb3 Ng7 26. Qa6 axb2 27. cxb4 Bxb4
28. Qd3 Rc8 29. a3 Bxa3 30. Nd2 Rd8 31. Qb1 Qc1 0-1

[Event "Barbera op "]
[Site "?"]
[Date "2012.07.09"]
[Round "6"]
[White "Subirachs Mancebo, G."]
[Black "Umudova, N."]
[Result "0-1"]
[WhiteElo "2109"]
[BlackElo "2210"]
[PlyCount "78"]
[EventDate "2012.??.??"]
[EventType "swiss"]
[EventRounds "9"]

1. e4 c5 2. b3 b6 3. Bb2 Bb7 4. Nc3 e6 5. Nf3 a6 6. a3 Qc7 7. d3 Nf6 8. g3 d5
9. exd5 exd5 10. Bg2 d4 11. Ne4 Nd5 12. O-O Be7 13. c4 dxc3 14. Nxc3 O-O 15.
Ne4 Nd7 16. Re1 Rad8 17. d4 N7f6 18. Ned2 Rfe8 19. dxc5 Bxc5 20. Rxe8+ Rxe8 21.
b4 Bf8 22. Rc1 Qb8 23. Nc4 Ba8 24. Be5 Qd8 25. Qd4 Nd7 26. Bd6 b5 27. Bxf8 Nxf8
28. Nce5 Ne6 29. Qa7 Ndc7 30. Nxf7 Kxf7 31. Ne5+ Kg8 32. Bxa8 Qxa8 33. Rxc7
Nxc7 34. Qxc7 Qd5 35. f4 Rd8 36. Kf2 Rf8 37. Qe7 Rc8 38. g4 Qd2+ 39. Kg3 Qe1+
0-1

[Event "Barbera op "]
[Site "?"]
[Date "2012.07.09"]
[Round "6"]
[White "Vehi Bach, VM."]
[Black "Canal Oliveras, J."]
[Result "0-1"]
[WhiteElo "2362"]
[BlackElo "2226"]
[PlyCount "54"]
[EventDate "2012.??.??"]
[EventType "swiss"]
[EventRounds "9"]

1. e4 e5 2. Nf3 Nc6 3. Nc3 Nf6 4. Bb5 Nd4 5. O-O Nxb5 6. Nxb5 c6 7. Nc3 d6 8.
d4 Qc7 9. h3 h6 10. a4 g5 11. Nh2 Rg8 12. g4 exd4 13. Qxd4 Bg7 14. Qd1 Be6 15.
Be3 h5 16. Kg2 d5 17. e5 Nd7 18. gxh5 Nxe5 19. Ng4 Nxg4 20. hxg4 d4 21. h6 dxc3
22. hxg7 Rxg7 23. Qd4 Bd5+ 24. f3 f5 25. gxf5 g4 26. Kf2 Qh2+ 27. Ke1 gxf3 0-1

[Event "Barbera op "]
[Site "?"]
[Date "2012.07.09"]
[Round "6"]
[White "Vigoa Apecheche, Y."]
[Black "Sequera Paolini, J."]
[Result "0-1"]
[WhiteElo "2269"]
[BlackElo "2407"]
[PlyCount "92"]
[EventDate "2012.??.??"]
[EventType "swiss"]
[EventRounds "9"]

1. d4 e6 2. Nf3 d5 3. c4 c6 4. e3 Bd6 5. b3 f5 6. Bd3 Nh6 7. O-O Qe7 8. Bb2 O-O
9. Ne5 a5 10. Nc3 Bxe5 11. dxe5 Ng4 12. Na4 Nd7 13. cxd5 exd5 14. Bxf5 Rxf5 15.
Qxg4 Nxe5 16. Qd4 Rh5 17. f4 Nd7 18. Rac1 Nf6 19. Rf3 Bf5 20. h3 Be4 21. Rg3
Rf5 22. Nc5 Re8 23. Rg5 h6 24. Rg3 Kh7 25. Qd2 Nh5 26. Rg4 Rf7 27. Nxe4 Qxe4
28. Bd4 Ra8 29. Rf1 Qf5 30. Qc3 Nf6 31. Bxf6 Qxf6 32. Qd3+ Qf5 33. Qc3 a4 34.
b4 Re8 35. Rf3 Qb1+ 36. Kh2 Qxa2 37. Rfg3 Ree7 38. f5 Qb3 39. Qc5 Qb2 40. Rg6
Qe5 41. Qc2 Rxf5 42. Kg1 a3 43. R6g4 Ref7 44. Rf4 Qb2 45. Qd3 a2 46. Rxf5 Qb1+
0-1

[Event "Barbera op "]
[Site "?"]
[Date "2012.07.10"]
[Round "7"]
[White "Asis Gargatagli, H."]
[Black "Arjun, B."]
[Result "1-0"]
[WhiteElo "2482"]
[BlackElo "2250"]
[PlyCount "43"]
[EventDate "2012.??.??"]
[EventType "swiss"]
[EventRounds "9"]

1. d4 d5 2. Bg5 Nd7 3. c4 c6 4. cxd5 cxd5 5. Nc3 Ngf6 6. Qa4 e6 7. Bxf6 gxf6 8.
e4 dxe4 9. d5 e3 10. O-O-O Bh6 11. Kb1 exf2 12. Nf3 e5 13. Nh4 Be3 14. Nf5 Bc5
15. Qg4 a6 16. Qg7 Rf8 17. Ne4 Qb6 18. d6 Qc6 19. Bd3 Kd8 20. Nxf6 Bxd6 21. Be4
Qc4 22. Nxd6 1-0

[Event "Barbera op "]
[Site "?"]
[Date "2012.07.10"]
[Round "7"]
[White "Bulmaga, I."]
[Black "Escobar Forero, A."]
[Result "1/2-1/2"]
[WhiteElo "2371"]
[BlackElo "2487"]
[PlyCount "84"]
[EventDate "2012.??.??"]
[EventType "swiss"]
[EventRounds "9"]

1. e4 c5 2. Nf3 e6 3. d4 cxd4 4. Nxd4 Nf6 5. Nc3 d6 6. h3 Nc6 7. Be3 Bd7 8. g3
a6 9. Bg2 Ne5 10. O-O Rc8 11. a4 h5 12. Qe2 Qc7 13. Rad1 Qc4 14. Qd2 Qb4 15.
Nd5 Qxd2 16. Nxf6+ gxf6 17. Bxd2 Bxa4 18. b3 Bd7 19. f4 Nc6 20. Nxc6 Bxc6 21.
Bb4 Rg8 22. Kh2 f5 23. exf5 Bxg2 24. Kxg2 Rxc2+ 25. Rf2 Rxf2+ 26. Kxf2 Kd7 27.
fxe6+ fxe6 28. Kf3 d5 29. Bxf8 Rxf8 30. g4 hxg4+ 31. hxg4 Kd6 32. Re1 a5 33. g5
Ke7 34. Kg4 b5 35. Rh1 d4 36. Rh7+ Kd6 37. g6 Kd5 38. Rf7 Rg8 39. Kg5 Ke4 40.
Rf6 Kd5 41. Rf7 Ke4 42. Rf6 Kd5 1/2-1/2

[Event "Barbera op "]
[Site "?"]
[Date "2012.07.10"]
[Round "7"]
[White "Campos Cayuelas, A."]
[Black "Hernandez Moya, Y."]
[Result "0-1"]
[WhiteElo "2007"]
[BlackElo "2177"]
[PlyCount "120"]
[EventDate "2012.??.??"]
[EventType "swiss"]
[EventRounds "9"]

1. e4 e6 2. d4 d5 3. Nc3 Bb4 4. e5 c5 5. Bd2 a6 6. Qg4 Ne7 7. dxc5 Nbc6 8. Qxg7
Rg8 9. Qxh7 Nxe5 10. O-O-O Bxc5 11. Bf4 Qc7 12. Bg3 Bd6 13. Be2 Bd7 14. Nf3 Ng4
15. Bh4 O-O-O 16. Qxf7 Rdf8 17. Qh7 Nf5 18. Ng5 Bf4+ 19. Kb1 Bxg5 20. Bxg4 Nxh4
21. g3 Ng6 22. Rhe1 Ne5 23. Bxe6 Bxe6 24. Qxc7+ Kxc7 25. Rxe5 Bf7 26. f4 Bf6
27. Nxd5+ Bxd5 28. Rexd5 Rh8 29. h4 Rhg8 30. R5d3 Re8 31. h5 Re2 32. Rd7+ Kc8
33. Rf7 Bd8 34. h6 Rh2 35. Rg7 Rh8 36. a4 R8xh6 37. g4 Rb6 38. Rf7 Rb4 39. b3
Bc7 40. Rf1 Rh4 41. g5 Rbxf4 42. g6 Rxf1+ 43. Rxf1 Rg4 44. Rf8+ Bd8 45. Rg8 Kc7
46. Kc1 Rg2 47. b4 Bf6 48. b5 axb5 49. axb5 Bc3 50. Kd1 Rd2+ 51. Kc1 Rg2 52.
Kd1 Kb6 53. Rc8 Bf6 54. c4 Rxg6 55. Kc2 Rg3 56. Kd2 Bd4 57. Rd8 Bc5 58. Re8 Ka5
59. Rh8 b6 60. Rh4 Kb4 0-1

[Event "Barbera op "]
[Site "?"]
[Date "2012.07.10"]
[Round "7"]
[White "Canal Oliveras, J."]
[Black "Bergez, L."]
[Result "1-0"]
[WhiteElo "2226"]
[BlackElo "2420"]
[PlyCount "43"]
[EventDate "2012.??.??"]
[EventType "swiss"]
[EventRounds "9"]

1. e4 g6 2. d4 Nf6 3. Nc3 d5 4. e5 Ne4 5. Nxe4 dxe4 6. Be3 c5 7. dxc5 Qc7 8. f4
exf3 9. Nxf3 Bg7 10. Bc4 Nc6 11. O-O Bf5 12. Bxf7+ Kxf7 13. Ng5+ Ke8 14. Rxf5
gxf5 15. Qh5+ Kd7 16. Rd1+ Kc8 17. Nf7 Rf8 18. Qxf5+ Kb8 19. e6 Qa5 20. Bf4+
Kc8 21. Qd5 Rd8 22. Qd7+ 1-0

[Event "Barbera op "]
[Site "?"]
[Date "2012.07.10"]
[Round "7"]
[White "Chakravarthi, YVK."]
[Black "Mamedjarova, Z."]
[Result "0-1"]
[WhiteElo "2053"]
[BlackElo "2307"]
[PlyCount "114"]
[EventDate "2012.??.??"]
[EventType "swiss"]
[EventRounds "9"]

1. d4 Nf6 2. c4 e6 3. Nc3 c5 4. d5 exd5 5. cxd5 d6 6. e4 g6 7. f4 Bg7 8. Bb5+
Nfd7 9. a4 O-O 10. Nf3 a6 11. Be2 Re8 12. O-O Nf8 13. Qc2 Bg4 14. Be3 Nbd7 15.
Bf2 Rc8 16. h3 Bxf3 17. gxf3 Bh6 18. Qd2 Nf6 19. Bc4 Nh5 20. Ne2 Nd7 21. Be3
Nb6 22. Bb3 f5 23. a5 Nd7 24. Ra4 b5 25. axb6 Nxb6 26. Rxa6 fxe4 27. Qa5 Rb8
28. fxe4 Rxe4 29. Rf3 Ng7 30. Ng3 Rb4 31. Bd2 Rd4 32. Be3 Rd3 33. Bc2 Rxe3 34.
Rxe3 Bxf4 35. Rb3 c4 36. Rf3 Be5 37. Kg2 Bxb2 38. Rf4 Be5 39. Rg4 Qc7 40. h4
Qb7 41. Be4 c3 42. Rg5 Nc4 43. Qa2 Qb2+ 44. Qxb2 cxb2 45. h5 Bf6 46. Rg4 Ne3+
47. Kf3 Nxg4 48. Kxg4 Rb4 49. Ra8+ Kf7 50. Ra7+ Kf8 51. Ra8+ Ne8 52. Kf3 Rxe4
53. Nxe4 b1=Q 54. Nxd6 Qb3+ 55. Ke2 Qb2+ 56. Kf3 Qc3+ 57. Kg2 Qd2+ 0-1

[Event "Barbera op "]
[Site "?"]
[Date "2012.07.10"]
[Round "7"]
[White "Colon Garcia, E."]
[Black "Ortiz Suarez, IR."]
[Result "0-1"]
[WhiteElo "2365"]
[BlackElo "2562"]
[PlyCount "74"]
[EventDate "2012.??.??"]
[EventType "swiss"]
[EventRounds "9"]

1. e4 c5 2. Nf3 d6 3. d4 cxd4 4. Qxd4 Nf6 5. Nc3 a6 6. Bc4 Nc6 7. Qd3 e6 8. Bb3
Nd7 9. Bf4 Qc7 10. O-O-O Nce5 11. Nxe5 dxe5 12. Bd2 Be7 13. Qg3 O-O 14. f4 Kh8
15. f5 Nc5 16. Rhf1 b5 17. f6 Bxf6 18. Rxf6 gxf6 19. Qh4 Qe7 20. Be3 Nb7 21.
Rd3 Rg8 22. Bd2 Rg7 23. Bh6 Rg6 24. Rh3 Kg8 25. Bd2 Kf8 26. Qxh7 Ke8 27. Rd3
Qf8 28. Na4 Qg8 29. Qh4 bxa4 30. Bxa4+ Kf8 31. Bc6 a5 32. Be3 Kg7 33. Rb3 a4
34. Rb4 a3 35. b3 Ra6 36. Bxb7 Bxb7 37. Rxb7 Qc8 0-1

[Event "Barbera op "]
[Site "?"]
[Date "2012.07.10"]
[Round "7"]
[White "Cordova Daza, E."]
[Black "Laxman, RR."]
[Result "1-0"]
[WhiteElo "2584"]
[BlackElo "2422"]
[PlyCount "101"]
[EventDate "2012.??.??"]
[EventType "swiss"]
[EventRounds "9"]

1. d4 Nf6 2. Nf3 e6 3. c4 d5 4. e3 c5 5. a3 Nc6 6. dxc5 Bxc5 7. b4 Bd6 8. Bb2
O-O 9. Nbd2 a6 10. Rc1 Qe7 11. Bd3 Rd8 12. Bb1 dxc4 13. Qc2 b5 14. Ne4 Nxe4 15.
Qxe4 f5 16. Qxc6 Bb7 17. Qb6 Rab8 18. e4 fxe4 19. Ne5 Bxe5 20. Bxe5 Qg5 21.
Qxe6+ Kh8 22. O-O Re8 23. Bxg7+ Qxg7 24. Qh3 e3 25. Qg3 Qxg3 26. hxg3 e2 27.
Rfe1 Rbd8 28. f3 Rd3 29. Kf2 Rxa3 30. Rxe2 Rxe2+ 31. Kxe2 Rb3 32. Rh1 Rxb4 33.
Rxh7+ Kg8 34. Bg6 Bd5 35. Rd7 Be6 36. Re7 Bd5 37. Ke3 Kf8 38. Rc7 Rb2 39. Kd4
Bg8 40. Ke5 Rd2 41. f4 c3 42. Rxc3 Bc4 43. Be4 a5 44. g4 a4 45. g5 Rd7 46. f5
Ra7 47. g6 a3 48. f6 a2 49. g7+ Ke8 50. Bg6+ Kd7 51. Rc1 1-0